Derecho de las personas: el derecho matrimonial

Guardado en:
Detalles Bibliográficos
Autor principal: Barrientos Grandón, Javier Orlando (Autor)
Formato: Libro
Lenguaje:español
Publicado: Santiago Legal Publishing 2011
Edición:1a. ed
Materias:
Etiquetas: Agregar Etiqueta
Sin Etiquetas, Sea el primero en etiquetar este registro!

MARC

LEADER 00000cam a2200000 a 4500
001 UCG8497
003 CL-VaPUC
008 111212e20111000CL |||||||||||||||||spa|d
020 |a 9789563460681 
082 0 4 |a 346.83016  |b BAR  |2 21 
100 0 |a Barrientos Grandón, Javier Orlando  |e author  |9 559549 
245 1 0 |a Derecho de las personas: el derecho matrimonial 
250 |a 1a. ed 
300 |a 908 p 
942 |c BK 
945 |d 20111212 00:00:00  |a dcastane 
260 |a Santiago  |b Legal Publishing  |c 2011 
650 0 |a Derecho civil chileno  |9 320612 
650 0 |a Matrimonio civil  |9 385406 
650 0 |a Familias   |9 255641 
650 0 |a Jurisprudencia  |9 255952 
583 |a last modification  |c 20140507 04:59:15  |k Rodrigo Vera 
999 |c 346106  |d 346104 
952 |0 0  |1 0  |4 0  |6 346_830160000000000_BAR_2011  |7 0  |8 A  |9 446594  |a BIBDER  |b BIBDER  |d 2019-11-22  |i 4812972  |l 7  |m 3  |o 346.83016 BAR 2011  |p 4812972  |r 2024-11-06  |s 2024-10-29  |w 2019-11-22  |y BK  |k DER 
952 |0 0  |1 0  |3 erd  |4 0  |6 346_830160000000000_BAR_2011  |7 0  |8 A  |9 446595  |a BIBDER  |b BIBDER  |i 5070058  |l 3  |o 346.83016 BAR 2011  |p 5070058  |r 2023-01-25  |s 2022-06-23  |w 2019-11-22  |y BK  |z Catalogado en:20140508  |k DER